| 000 | 00000nas 2200000za 4500 |
| 001 | 9.507070 |
| 003 | CaOODSP |
| 005 | 20210414103214 |
| 007 | cr ||||||||||| |
| 008 | 150406d20002003qucar p o||||f| |0eng|d |
| 022 | |a1495-9410 |
| 040 | |aCaOODSP|beng |
| 043 | |an-cn--- |
| 086 | 1 |aHS1-1E-PDF |
| 245 | 00|aCanada Student Loans Program information guide |h[electronic resource]. |
| 260 | |aGatineau, Quebec : |bHuman Resources Development Canada |
| 310 | |aAnnual |
| 362 | 0 |a1999/2000-2003/2004. |
| 690 | 07|aFederal programs|2gcpds |
| 690 | 07|aStudent loans|2gcpds |
| 710 | 1 |aCanada. |bHuman Resources Development Canada. |
| 775 | 08|tGuide d'information sur le Programme canadien de prêts aux étudiants |w(CaOODSP)9.503463 |